Score 0/30 Timer 10:00
0 Plays Today
% Correct
Matthew Fox as Jack Shephard
92.7%
Evangeline Lilly as Kate Austen
84.7%
Jorge Garcia as Hugo 'Hurley' Reyes
81.6%
Meriadoc 'Merry' Brandybuck in 'The Lord Of The Rings' trilogy
81%
Josh Holloway as James 'Sawyer' Ford
77.8%
Terry O'Quinn as John Locke
73.2%
Letty in 'Fast & Furious 6'
72.2%
Tauriel in 'The Hobbit: The Desolation Of Smaug'
72%
Chin Ho Kelly in Hawaii Five-0
71.3%
Daniel Dae Kim as Jin Kwon
69.4%
Dominic Monaghan as Charlie Pace
67.8%
Naveen Andrews as Sayid Jarrah
66.9%
Yunjin Kim as Sun Kwon
65.4%
Link in 'The Matrix Reloaded'
63.9%
Michelle Rodriguez as Ana Lucia Cortez
61.7%
% Correct
Michael Emerson as Ben Linus
59.2%
Emilie de Ravin as Claire Littleton
56.8%
Harold Perrineau as Michael Dawson
56.7%
Henry Ian Cusick as Desmond Hume
54.7%
Elizabeth Mitchell as Juliet Burke
45.5%
Harold Finch in 'Person of Interest'
44.6%
Anton the Giant in 'Once Upon A Time'
24.9%
Stephen Finch in 'Scandal'
15.5%
Brenda Carter in 'The Hills Have Eyes'
15%
Karen Kim in 'Mistresses'
13.9%
Erica Evans in 'V'
12.8%
Gavin Doran in '666 Park Avenue'
10.2%
Picasso in 'Alex Cross'
9.6%
David Kirmani in 'The Brave One'
8.3%
Gabriel Vaughn in 'Intelligence'
8%
Remove Ads.
Support Sporcle.
Get the best of Sporcle when you Go Orange. This ad-free experience offers more features, more stats, and more fun while also helping to support Sporcle. Thank you for becoming a member.

You're not logged in!

Compare scores with friends on all Sporcle quizzes.
OR
Log In

Sporcle TV

Today on Sporcle TV


Watch our educational content, quiz creation guides, and fun videos on Sporcle TV.

Show Comments

Extras

Top Quizzes Today


Score Distribution

Paid Content

Your Account Isn't Verified!

In order to create a playlist on Sporcle, you need to verify the email address you used during registration. Go to your Sporcle Settings to finish the process.

Report this User

Report this user for behavior that violates our Community Guidelines.

Details: